|
|
|
|
| LEADER |
00749cam a2200193 a 4500 |
| 001 |
0000066687 |
| 005 |
20050721090000.0 |
| 040 |
|
|
|a mod
|
| 041 |
|
|
|a eng
|
| 020 |
0 |
0 |
|a 9679471799
|
| 090 |
0 |
0 |
|a 330.952
|b JEP
|e 1993
|
| 245 |
0 |
0 |
|a Jepun dan Asia Timur
|c diterjemahkan oleh Normala Soulie Mohamad dan Zahir Ismail
|
| 260 |
0 |
0 |
|a Kuala Lumpur
|b Pusat Kajian Jepun, Institut Kajian Strategik dan Antarabangsa (ISIS), Malaysia
|c 1993
|
| 300 |
0 |
0 |
|a 86 p.
|c 22 cm
|
| 500 |
0 |
0 |
|a Terjemahan dari: Economic eye, jil. 13, no. 2.
|
| 650 |
0 |
0 |
|a Japan
|x Economic conditions
|y 1945-
|
| 710 |
0 |
0 |
|a Institut Kajian Strategik dan Antarabangsa (Malaysia). Centre for Japan Studies.
|
| 852 |
0 |
0 |
|a 01
|
| 999 |
|
|
|a 0214420
|b KEMENTAH
|d BOOKS
|e Umum
|f Perpustakaan KEMENTAH
|j AVAILABLE
|q GOOD CONDITION
|